Loading...
| Social Science | 0 | 6 | 0 | 0 | 60 | 77 | 89.00 | 1 | 3 | 0.00 | 0.00 |
| Literature - European | 0 | 4 | 0 | 0 | 40 | 39 | 64.50 | 1 | 3 | 0.00 | 0.00 |
| Science - Biology | 0 | 2 | 0 | 0 | 20 | 91 | 96.00 | 0 | 0 | 0.00 | 0.00 |
| Literature - British | 0 | 2 | 1 | 1 | 15 | 95 | 118.50 | 0 | 0 | 0.00 | 0.00 |
| Religion | 0 | 1 | 0 | 0 | 10 | 72 | 72.00 | 1 | 1 | 0.00 | 0.00 |
| Other Academic | 0 | 1 | 0 | 1 | 10 | 133 | 133.00 | 0 | 0 | 0.00 | 0.00 |
| Fine Arts - Painting and Sculpture | 0 | 1 | 0 | 0 | 10 | 80 | 80.00 | 0 | 1 | 0.00 | 0.00 |
| Literature - American | 0 | 2 | 2 | 0 | 10 | 52 | 69.00 | 1 | 2 | 0.00 | 0.00 |
| Fine Arts - Other | 0 | 1 | 0 | 0 | 10 | 79 | 79.00 | 0 | 1 | 0.00 | 0.00 |
| Science - Chemistry | 0 | 1 | 0 | 0 | 10 | 89 | 89.00 | 0 | 0 | 0.00 | 0.00 |
| Literature - World | 0 | 1 | 1 | 0 | 5 | 100 | 100.00 | 0 | 0 | 0.00 | 0.00 |
| Philosophy | 0 | 1 | 2 | 0 | 0 | 95 | 95.00 | 0 | 1 | 0.00 | 0.00 |